| 000 | 00588nam a22002057a 4500 | ||
|---|---|---|---|
| 001 | 195780 | ||
| 003 | OSt | ||
| 005 | 20240718121821.0 | ||
| 008 | 240718b |||||||| |||| 00| 0 POR d | ||
| 020 | _a8589189686 | ||
| 040 |
_aColégio Cândido Portinari _bPortuguês _cColégio Cândido Portinari |
||
| 082 | _a028.5 | ||
| 100 |
_aMassie, Elizabeth _91960 |
||
| 245 | _aA irmandade/ Tradução de Melissa Kassner | ||
| 246 | _aBuffy: a caça vampiros | ||
| 260 | _aSão Paulo: Arxjovem, 2004. | ||
| 490 | _aBuffy | ||
| 650 | 0 |
_aLiteratura infantojuvenil _91113 |
|
| 942 |
_2udc _cBK _n0 |
||
| 999 |
_c195780 _d195780 |
||